| Tag |
First Indicator |
Second Indicator |
Subfields |
| LEADER |
00000cam a22000001a 4500 |
| 001 |
in00003368721 |
| 006 |
m d f |
| 007 |
cr bn mmmapmmp |
| 008 |
100609s1976 dcu o f000 0 eng d |
| 005 |
20260430205645.5 |
| 035 |
|
|
|a cis2007875553
|
| 040 |
|
|
|a ProQuest
|c ProQuest
|d UtOrBLW
|
| 043 |
|
|
|a n-us---
|
| 099 |
|
|
|a CRS-1976-SPR-0008
|
| 110 |
2 |
|
|a Library of Congress.
|b Congressional Research Service.
|
| 245 |
1 |
0 |
|a Chemical and Biological Warfare :
|b Issues and Developments During 1975.
|
| 264 |
|
1 |
|a [Place of publication not identified] :
|b [publisher not identified],
|c 1976.
|
| 300 |
|
|
|a 1 online resource.
|
| 336 |
|
|
|a text
|b txt
|2 rdacontent
|
| 337 |
|
|
|a computer
|b c
|2 rdamedia
|
| 338 |
|
|
|a online resource
|b cr
|2 rdacarrier
|
| 500 |
|
|
|a Record is based on bibliographic data in ProQuest U.S. Congressional Research Digital Collection (last viewed June 2010). Reuse except for individual research requires license from ProQuest, LLC.
|
| 500 |
|
|
|a CRS Report.
|
| 520 |
|
|
|a Reviews domestic and international developments and activities pertaining to chemical and biological weapons and warfare. Covers research and development, test and engineering, construction/procurement, action on treaties, and other issues of public interest. Includes bibliographies and various documentary materials, including Department of Defense reports from the Congressional Record.
|
| 500 |
|
|
|a Electronic resource.
|
| 650 |
|
0 |
|a Biological warfare.
|
| 650 |
|
0 |
|a Military research.
|
| 650 |
|
0 |
|a Treaties.
|
| 655 |
|
7 |
|a Electronic books.
|2 local
|
| 710 |
2 |
|
|a ProQuest (Firm)
|
| 776 |
0 |
8 |
|i Microfiche version:
|a Library of Congress. Congressional Research Service.
|t Chemical and Biological Warfare
|
| 830 |
|
0 |
|a U.S. Congressional Research.
|
| 856 |
4 |
0 |
|u http://proxy.library.tamu.edu/login?url=https://congressional.proquest.com/congcomp/getdoc?CRDC-ID=CRS-1976-SPR-0008
|z Connect to the full text of this electronic book
|t 0
|
| 999 |
|
|
|a MARS
|
| 999 |
f |
f |
|s 5380f1a3-7fb2-389e-b758-9d5cf72ae217
|i b52df8ea-0f67-3ab4-81fe-5f96186770ad
|t 0
|
| 952 |
f |
f |
|a Texas A&M University
|b College Station
|c Electronic Resources
|s www_evans
|d Available Online
|t 0
|e CRS-1976-SPR-0008
|h Other scheme
|
| 998 |
f |
f |
|a CRS-1976-SPR-0008
|t 0
|l Available Online
|